Представление документа в формате RUSMARC

ПолеНазваниеЗначение
  Тип записи a
  Библиографический уровень a
001 Контрольный номер RU/CBS_Ul/BASE/504282721
005 Дата корректировки 20240209175106.6
100 Данные общей обработки __
a Данные общей обработки 20151224d2015 ||| 0rusy0189 ca
101 Язык документа 0_
a Язык текста rus
102 Страна публикации __
a Страна публикации RU
105 Кодированные данные (монография) __
a Кодированные данные (монография) y###||||000|y
200 Заглавие и сведения об ответственности 1_
a Заглавие Бюджет-2016: На один год, но с перспективой на будущее
b Общее обозначение материала Текст
e Сведения, относящиеся к заглавию [о программном подходе, социальной направленности и поддержке реального сектора экономики рассказывает министр финансов Ульяновской области Екатерина Буцкая]
f Первые сведения об ответственности Е. Буцкая ; беседовала М. Мишина
300 Общие примечания __
a Общие примечания Ограничения по возрасту - 16+
461 Уровень набора _0
1 2000
a Деловое обозрение
463 Уровень физической единицы _0
1 001RU/CBS_Ul/BASE/504282183
1 2000
a № 12
v С. 14-16
1 210
d 2015
600 Персоналии _0
a Персоналии (Фамилия) Буцкая
b Персоналии (Имя, инициалы) Е. В.
606 Тематические рубрики 0_
a Основная рубрика Областной бюджет - Ульяновская область
610 Ключевые слова 0_
a Ключевые слова бюджеты
610 Ключевые слова 0_
a Ключевые слова областные бюджеты
610 Ключевые слова 0_
a Ключевые слова социально-экономическое развитие
610 Ключевые слова 0_
a Ключевые слова параметры бюджета
610 Ключевые слова 0_
a Ключевые слова преференции
610 Ключевые слова 0_
a Ключевые слова реальный сектор экономики
686 Индексы других классификаций __
a Классификационный индекс 65.261.3
2 Код системы ББК
700 Автор _1
a Фамилия Буцкая
b Имя (инициалы) Е.
801 Источник записи _0
a Страна RU
b Организация МБУК ЦБС г. Ульяновска
c Дата составления 20151224
g Правила каталогизации RCR
801 Источник записи _1
a Страна RU
b Организация МБУК ЦБС г. Ульяновска
c Дата составления 20151224
g Правила каталогизации RCR
901 Тип документа __
t Тип документа b
w Контрольный № источника RU/CBS_Ul/BASE/504282183
910 Корректоры записи __
a Корректор записи Сидоркина
938 Служебная информация __
a Имя БД kraeved